=LDR 00000nam 2200000 4500 =001 INLIS000000000003120 =005 20130612091430 =008 ***********************************Ind** =035 ##$$0010-061300000003120 =041 ##$$a Ind =082 ##$$a 636.5 =090 ##$$a 636.5, Cha p =100 ##$$a Chan, Herman =245 ##$$a Pemeliharaan dan cara pembibitan ayam petelur / Herman Chan. -- =260 ##$$a 1998 $b Jakarta : Citra Hasta Prima =300 ##$$a x, 187 hlm. : ilus. ; 18 cm =650 ##$$a Ternak Ayam Petelur =850 ##$$a NBPNMAT